[Event "Ruhrgebiet Verbandsliga Gruppe 1 1819"]
[Site "Nordrheinwestfalen"]
[Date "2018.10.07"]
[Round "2.4"]
[White "Masberg, Stefan"]
[Black "Pruess, Wilfried"]
[Result "1/2-1/2"]
[WhiteElo "1933"]
[BlackElo "2052"]
[PlyCount "115"]
[EventDate "2018.09.23"]
[EventType "team-tourn"]
[EventRounds "9"]
[EventCountry "GER"]
[SourceTitle "EXT 2022"]
[Source "ChessBase"]
[SourceDate "2021.10.06"]
[SourceVersion "1"]
[SourceVersionDate "2021.10.06"]
[SourceQuality "1"]
[WhiteTeam "Bottrop SV"]
[BlackTeam "Hamm Koenigsspringer"]
[WhiteTeamCountry "GER"]
[BlackTeamCountry "GER"]

1. e4 e6 2. d4 d5 3. Nc3 Nf6 4. e5 Nfd7 5. Nf3 c5 6. Be3 Nc6 7. Be2 cxd4 8. Bxd4 Nxd4 9. Qxd4 a6 10. 0-0 Qb6 11. Qxb6 Nxb6 12. Bd3 Bd7 13. Ne2 Rc8 14. Rfe1 Be7 15. Ng3 0-0 16. Nd4 Nc4 17. Rab1 Rc7 18. Nf3 Rfc8 19. Nf1 f6 20. c3 f5 21. Ne3 b5 22. Nc2 h6 23. Re2 Kf7 24. Ncd4 g5 25. Bxf5 exf5 26. e6+ Bxe6 27. Rxe6 Bf6 28. Rbe1 g4 29. b3 gxf3 30. bxc4 Bxd4 31. cxd4 Rxc4 32. gxf3 Rc1 33. Re7+ Kf6 34. R7e6+ Kg5 35. h4+ Kxh4 36. Rxh6+ Kg5 37. Rhe6 Rxe1+ 38. Rxe1 Rc4 39. Re6 Ra4 40. Rd6 Rxa2 41. Rxd5 b4 42. Rd6 Ra5 43. Rb6 Rb5 44. Rxa6 b3 45. Ra1 b2 46. Rb1 Kf6 47. Kf1 Ke6 48. Ke2 Kd5 49. Kd3 Rb3+ 50. Kc2 Rxf3 51. Kxb2 Kxd4 52. Rd1+ Rd3 53. Kc2 Rxd1 54. Kxd1 Kd3 55. f4 Ke3 56. Ke1 Kxf4 57. Kf2 Ke4 58. Ke2 1/2-1/2

[Event "Ruhrgebiet Regionalliga 1718"]
[Site "Germany"]
[Date "2018.02.11"]
[Round "6.4"]
[White "Dewenter, Ulf"]
[Black "Pruess, Wilfried"]
[Result "1-0"]
[WhiteElo "2120"]
[BlackElo "2052"]
[PlyCount "43"]
[EventDate "2017.10.01"]
[EventType "team-tourn"]
[EventRounds "9"]
[EventCountry "GER"]
[SourceTitle "EXT 2022"]
[Source "ChessBase"]
[SourceDate "2021.10.06"]
[SourceVersion "1"]
[SourceVersionDate "2021.10.06"]
[SourceQuality "1"]
[WhiteTeam "Borbeck Weisse Dame"]
[BlackTeam "Hamm Koenigsspringer"]
[WhiteTeamCountry "GER"]
[BlackTeamCountry "GER"]

1. e4 c5 2. Be2 Nc6 3. f4 Nf6 4. d3 d6 5. Nf3 e6 6. 0-0 Be7 7. a3 0-0 8. Kh1 d5 9. e5 Nd7 10. c3 d4 11. Nbd2 f6 12. cxd4 Nxd4 13. Nxd4 cxd4 14. Nf3 Qa5 15. Nxd4 Qd5 16. Be3 fxe5 17. Bf3 Qd6 18. Nb5 Qb8 19. Rc1 exf4 20. Bg1 Bd6 21. Qb3 Re8 22. Rxc8 1-0

[Event "Ruhrgebiet Verbandsliga Gruppe 2 1617"]
[Site "Germany"]
[Date "2017.04.30"]
[Round "9.4"]
[White "Pruess, Wilfried"]
[Black "Bauch, Ralf"]
[Result "1/2-1/2"]
[WhiteElo "2052"]
[BlackElo "1954"]
[PlyCount "32"]
[EventDate "2016.09.04"]
[EventType "team-tourn"]
[EventRounds "9"]
[EventCountry "GER"]
[SourceTitle "EXT 2022"]
[Source "ChessBase"]
[SourceDate "2021.10.06"]
[SourceVersion "1"]
[SourceVersionDate "2021.10.06"]
[SourceQuality "1"]
[WhiteTeam "Hamm Koenigsspringer"]
[BlackTeam "Brambauer"]
[WhiteTeamCountry "GER"]
[BlackTeamCountry "GER"]

1. e4 e6 2. Nc3 d5 3. d3 Nf6 4. Bd2 Be7 5. g3 b6 6. Bg2 Bb7 7. e5 Nfd7 8. f4 c5 9. Nf3 Nc6 10. 0-0 0-0 11. Ne2 Rc8 12. c3 b5 13. g4 Ba6 14. Ng3 b4 15. Qe2 Qb6 16. Kh1 Qb5 1/2-1/2

[Event "Ruhrgebiet Regionalliga 1314"]
[Site "Ruhrgebiet"]
[Date "2014.03.23"]
[Round "8.3"]
[White "Pruess, Wilfried"]
[Black "Limbourg, Philipp"]
[Result "1-0"]
[WhiteElo "2095"]
[BlackElo "2096"]
[PlyCount "71"]
[EventDate "2013.09.22"]
[EventType "team-tourn"]
[EventRounds "9"]
[EventCountry "GER"]
[SourceTitle "EXT 2024"]
[Source "ChessBase"]
[SourceDate "2023.10.10"]
[SourceVersion "1"]
[SourceVersionDate "2023.10.10"]
[SourceQuality "1"]
[WhiteTeam "Koenigsspringer Hamm"]
[BlackTeam "Muelheim Nord III"]
[WhiteTeamCountry "GER"]
[BlackTeamCountry "GER"]

1. d4 e6 2. Nf3 f5 3. c4 Nf6 4. Bg5 Bb4+ 5. Nc3 Bxc3+ 6. bxc3 b6 7. e3 h6 8. Bxf6 Qxf6 9. Ne5 0-0 10. Be2 Bb7 11. Bf3 Be4 12. 0-0 d6 13. Nd3 Nc6 14. Rc1 Na5 15. Nb2 c5 16. Qe2 Rac8 17. Bxe4 fxe4 18. f3 exf3 19. Rxf3 Qg6 20. Kh1 Rxf3 21. gxf3 Rf8 22. Rf1 Kh8 23. Nd3 Qe8 24. Nf4 g5 25. Nh3 Qc6 26. Kg1 cxd4 27. Qd3 Rxf3 28. Qg6 Rxf1+ 29. Kxf1 Qf3+ 30. Nf2 dxe3 31. Qxh6+ Kg8 32. Qxe6+ Kg7 33. Qe7+ Kh6 34. Qe6+ Kg7 35. Qe7+ Kg8 36. Qe8+ 1-0

[Event "Ruhrgebiet Regionalliga 1213"]
[Site "Nordrheinwestfalen"]
[Date "2013.03.17"]
[Round "7.3"]
[White "Luft, Dennis"]
[Black "Pruess, Wilfried"]
[Result "1/2-1/2"]
[WhiteElo "2095"]
[BlackElo "2102"]
[PlyCount "104"]
[EventDate "2012.09.09"]
[EventType "team-tourn"]
[EventRounds "9"]
[EventCountry "GER"]
[SourceTitle "EXT 2020"]
[Source "ChessBase"]
[SourceDate "2019.10.17"]
[SourceVersion "1"]
[SourceVersionDate "2019.10.17"]
[SourceQuality "1"]
[WhiteTeam "Brackel SF"]
[BlackTeam "Koenigsspringer Hamm"]
[WhiteTeamCountry "GER"]
[BlackTeamCountry "GER"]

1. e4 e6 2. d3 d5 3. Be2 Nf6 4. e5 Nfd7 5. f4 c5 6. Nf3 Nc6 7. 0-0 f6 8. Qe1 Be7 9. c4 dxc4 10. dxc4 f5 11. Be3 0-0 12. Nc3 a6 13. Rd1 Qc7 14. Qg3 b6 15. Ng5 Ndb8 16. Nxh7 Kxh7 17. Bh5 g5 18. fxg5 Qxe5 19. Bf4 Qg7 20. Bf3 e5 21. Qh3+ Kg8 22. Bd5+ Rf7 23. Qh5 exf4 24. g6 Ra7 25. gxf7+ Kf8 26. Rxf4 Ne5 27. Rdf1 Bg5 28. Rh4 Bxh4 29. Qxh4 Nxf7 30. Bxf7 Qd4+ 31. Qxd4 cxd4 32. Ne4 Rxf7 33. Nd6 Rc7 34. Nxc8 Rxc8 35. Rxf5+ Ke7 36. b3 Ke6 37. Rd5 Nc6 38. Kf2 Rf8+ 39. Ke2 Rf5 40. Rxf5 Kxf5 41. Kd3 Ke5 42. h4 Nb4+ 43. Kd2 Nxa2 44. h5 Nc3 45. h6 Ne4+ 46. Kd3 Ng5 47. b4 Nh7 48. c5 bxc5 49. bxc5 Kd5 50. c6 Kxc6 51. Kxd4 Kb5 52. Kc3 a5 1/2-1/2

[Event "Ruhrgebiet Regionalliga 1213"]
[Site "Nordrheinwestfalen"]
[Date "2012.09.09"]
[Round "1.3"]
[White "Pruess, Wilfried"]
[Black "Steinle, Carsten"]
[Result "1/2-1/2"]
[WhiteElo "2102"]
[BlackElo "2159"]
[PlyCount "110"]
[EventDate "2012.09.09"]
[EventType "team-tourn"]
[EventRounds "9"]
[EventCountry "GER"]
[SourceTitle "EXT 2020"]
[Source "ChessBase"]
[SourceDate "2019.10.17"]
[SourceVersion "1"]
[SourceVersionDate "2019.10.17"]
[SourceQuality "1"]
[WhiteTeam "Koenigsspringer Hamm"]
[BlackTeam "Ahlen SV"]
[WhiteTeamCountry "GER"]
[BlackTeamCountry "GER"]

1. d4 Nf6 2. Nf3 e6 3. c4 b6 4. Nc3 Bb7 5. g3 d5 6. cxd5 Nxd5 7. Bg2 Be7 8. 0-0 0-0 9. Re1 Nd7 10. Nxd5 Bxd5 11. a3 c5 12. Be3 Qc7 13. Rc1 Qb7 14. Qd2 Rfd8 15. Red1 c4 16. Ne1 b5 17. Qc2 Rac8 18. Bd2 Bxg2 19. Nxg2 Nf6 20. Bg5 h6 21. Bxf6 Bxf6 22. e3 Rd7 23. Nf4 Be7 24. h4 g5 25. Nxe6 Qf3 26. Nc5 Bxc5 27. dxc5 gxh4 28. gxh4 Rxc5 29. Rxd7 Qg4+ 30. Kf1 Qxd7 31. Qe4 Rd5 32. Kg2 Rd6 33. Kh2 Rg6 34. Rg1 Qd6+ 35. Kh1 Kg7 36. Rxg6+ Qxg6 37. Qe5+ Qf6 38. Qxb5 Qxh4+ 39. Kg2 Qg4+ 40. Kf1 Qd1+ 41. Kg2 Qg4+ 42. Kf1 Qe4 43. Qb8 Qd3+ 44. Kg2 Qd5+ 45. Kg1 a5 46. Qg3+ Kh7 47. Qf4 a4 48. e4 Qb7 49. Qf6 Qd7 50. f3 Qd1+ 51. Kf2 Qd2+ 52. Kg3 Kg8 53. Kg4 Qg2+ 54. Kh4 Qg6 55. Qe5 Qb6 1/2-1/2

[Event "Ruhrgebiet Verbandsliga1 1112"]
[Site "Nordrheinwestfalen"]
[Date "2012.03.04"]
[Round "7.2"]
[White "Schorra, Helmut"]
[Black "Pruess, Wilfried"]
[Result "1/2-1/2"]
[WhiteElo "2052"]
[BlackElo "2119"]
[PlyCount "130"]
[EventDate "2012.09.18"]
[EventType "team-tourn"]
[EventRounds "9"]
[EventCountry "GER"]
[SourceTitle "EXT 2020"]
[Source "ChessBase"]
[SourceDate "2019.10.17"]
[SourceVersion "1"]
[SourceVersionDate "2019.10.17"]
[SourceQuality "1"]
[WhiteTeam "Buer SF"]
[BlackTeam "Koenigsspringer Hamm"]
[WhiteTeamCountry "GER"]
[BlackTeamCountry "GER"]

1. e4 c6 2. d4 d5 3. Nc3 dxe4 4. Nxe4 Nf6 5. Nxf6+ exf6 6. Nf3 Bd6 7. Be2 0-0 8. 0-0 Bg4 9. h3 Bh5 10. Re1 Re8 11. Nh4 Bxe2 12. Rxe2 g6 13. Nf3 Nd7 14. b3 Re6 15. Bb2 Qa5 16. Qe1 Bb4 17. c3 Rxe2 18. Qxe2 Bxc3 19. Bxc3 Qxc3 20. Re1 Qb4 21. Qe4 Rd8 22. Qh4 Qd6 23. Nd2 c5 24. Re4 b5 25. Nf1 Rc8 26. dxc5 Qxc5 27. Qh6 Qg5 28. Qxg5 fxg5 29. Rd4 Nf6 30. Ne3 Kg7 31. Kf1 Rc7 32. Ke2 h6 33. Kd3 Rc1 34. Rd6 h5 35. Ra6 Rc7 36. Ra5 Rd7+ 37. Kc2 Rb7 38. f3 Kf8 39. a4 bxa4 40. bxa4 g4 41. fxg4 hxg4 42. hxg4 Ne4 43. Kd3 Rb4 44. Rxa7 Nc5+ 45. Ke2 Rxa4 46. Rxa4 Nxa4 47. Nd5 Nc5 48. Kf3 Ne6 49. Ke4 Kg7 50. Ke5 Nc5 51. Ne3 Nd3+ 52. Ke4 Nb4 53. Ke5 Nc6+ 54. Kd5 Nd8 55. Ke5 f6+ 56. Kf4 Kf7 57. Ke4 Ke6 58. Kf4 Nf7 59. Nc4 Ne5 60. Ne3 Nf7 61. Nc4 Ng5 62. Ne3 Kd6 63. Nc4+ Ke6 64. Ne3 Nf7 65. Nc4 Ne5 1/2-1/2

[Event "Ruhrgebiet Regionalliga 1011"]
[Site "Nordrheinwestfalen"]
[Date "2011.02.13"]
[Round "6.2"]
[White "Kilian, Ralf"]
[Black "Pruess, Wilfried"]
[Result "1-0"]
[WhiteElo "2224"]
[BlackElo "2156"]
[PlyCount "75"]
[EventDate "2010.09.19"]
[EventType "team-tourn"]
[EventRounds "9"]
[EventCountry "GER"]
[SourceTitle "EXT 2020"]
[Source "ChessBase"]
[SourceDate "2019.10.17"]
[SourceVersion "1"]
[SourceVersionDate "2019.10.17"]
[SourceQuality "1"]
[WhiteTeam "Kamen SV"]
[BlackTeam "Koenigsspringer Hamm"]
[WhiteTeamCountry "GER"]
[BlackTeamCountry "GER"]

1. d4 d5 2. c4 e6 3. Nc3 Nf6 4. Bg5 Be7 5. e3 c6 6. Nf3 Nbd7 7. Rc1 0-0 8. Bd3 h6 9. Bh4 dxc4 10. Bxc4 b5 11. Bd3 Bb7 12. 0-0 a6 13. a4 Rc8 14. Qe2 Re8 15. Ne4 Nxe4 16. Bxe7 Qxe7 17. Bxe4 e5 18. axb5 axb5 19. Bf5 f6 20. Qd3 Rb8 21. Qb3+ Kh8 22. Rfd1 Nf8 23. Qc3 Rbd8 24. dxe5 Rxd1+ 25. Rxd1 fxe5 26. b4 c5 27. Qxc5 Qf6 28. Bg4 Qg6 29. h3 h5 30. Nxe5 Rxe5 31. Qxf8+ Kh7 32. Qf4 Rg5 33. Rd6 Qe4 34. f3 Qe7 35. Bf5+ Kh8 36. Rd3 g6 37. Qb8+ Kg7 38. Rd7 1-0

[Event "Ruhrgebiet Regionalliga 1011"]
[Site "Nordrheinwestfalen"]
[Date "2011.01.23"]
[Round "5.2"]
[White "Pruess, Wilfried"]
[Black "Strathoff, Jens"]
[Result "1-0"]
[WhiteElo "2156"]
[BlackElo "2066"]
[PlyCount "79"]
[EventDate "2010.09.19"]
[EventType "team-tourn"]
[EventRounds "9"]
[EventCountry "GER"]
[SourceTitle "EXT 2020"]
[Source "ChessBase"]
[SourceDate "2019.10.17"]
[SourceVersion "1"]
[SourceVersionDate "2019.10.17"]
[SourceQuality "1"]
[WhiteTeam "Koenigsspringer Hamm"]
[BlackTeam "Brackel SF"]
[WhiteTeamCountry "GER"]
[BlackTeamCountry "GER"]

1. Nf3 d5 2. c4 e6 3. b3 Nf6 4. Bb2 Nbd7 5. g3 Bd6 6. Bg2 0-0 7. 0-0 c5 8. cxd5 exd5 9. d4 b6 10. Nc3 Bb7 11. Rc1 Rc8 12. e3 Re8 13. Re1 Bb8 14. Rc2 Ne4 15. dxc5 Nxc3 16. Bxc3 bxc5 17. Qc1 Qb6 18. Rd1 f6 19. Qd2 Qe6 20. b4 Kh8 21. Nh4 Nb6 22. bxc5 Rxc5 23. Bd4 Nc4 24. Qb4 Rc7 25. Rxc4 dxc4 26. Bxb7 a5 27. Qb1 Rd7 28. e4 Be5 29. Bd5 Qa6 30. Bxe5 fxe5 31. Nf5 c3 32. Rc1 Rc8 33. Rc2 g6 34. Ne3 Rdc7 35. Qb3 Kg7 36. Kg2 a4 37. Qb4 Qa7 38. Qd6 Qd4 39. Ng4 Rf7 40. Qxe5+ 1-0

[Event "Ruhrgebiet Regionalliga 1011"]
[Site "Nordrheinwestfalen"]
[Date "2010.11.21"]
[Round "3.2"]
[White "Pruess, Wilfried"]
[Black "Schleining, Zoya"]
[Result "0-1"]
[WhiteElo "2156"]
[BlackElo "2275"]
[PlyCount "88"]
[EventDate "2010.09.19"]
[EventType "team-tourn"]
[EventRounds "9"]
[EventCountry "GER"]
[SourceTitle "EXT 2020"]
[Source "ChessBase"]
[SourceDate "2019.10.17"]
[SourceVersion "1"]
[SourceVersionDate "2019.10.17"]
[SourceQuality "1"]
[WhiteTeam "Koenigsspringer Hamm"]
[BlackTeam "Oberhausen SV"]
[WhiteTeamCountry "GER"]
[BlackTeamCountry "GER"]

1. c4 e5 2. Nc3 d6 3. g3 c5 4. Bg2 Nc6 5. d3 g6 6. a3 Bg7 7. Rb1 Nge7 8. e3 Be6 9. Nd5 Rb8 10. Ne2 a6 11. 0-0 b5 12. Bd2 0-0 13. b4 Qd7 14. Nec3 f5 15. Re1 bxc4 16. dxc4 e4 17. f4 exf3 18. Qxf3 Ne5 19. Qe2 N7c6 20. Red1 cxb4 21. axb4 g5 22. Be1 Qf7 23. h3 Kh8 24. Rdc1 Ng6 25. b5 axb5 26. Nxb5 Qd7 27. Bc3 Nce5 28. Nd4 Bg8 29. Ba1 Rxb1 30. Rxb1 f4 31. exf4 gxf4 32. gxf4 Bxd5 33. cxd5 Nxf4 34. Qe3 Qa7 35. Nf5 Qa2 36. Be4 Rxf5 37. Rb8+ Rf8 38. Rxf8+ Bxf8 39. Bxe5+ dxe5 40. Qb6 Nxh3+ 41. Kf1 Qa1+ 42. Bb1 e4 43. Kg2 Nf4+ 44. Kf2 Qc3 0-1

[Event "Ruhrgebiet Regionalliga 1011"]
[Site "Nordrheinwestfalen"]
[Date "2010.09.19"]
[Round "1.2"]
[White "Van Eijk, Sander"]
[Black "Pruess, Wilfried"]
[Result "1-0"]
[WhiteElo "2321"]
[BlackElo "2156"]
[PlyCount "121"]
[EventDate "2010.09.19"]
[EventType "team-tourn"]
[EventRounds "9"]
[EventCountry "GER"]
[SourceTitle "EXT 2020"]
[Source "ChessBase"]
[SourceDate "2019.10.17"]
[SourceVersion "1"]
[SourceVersionDate "2019.10.17"]
[SourceQuality "1"]
[WhiteTeam "Essen Ueberruhr"]
[BlackTeam "Koenigsspringer Hamm"]
[WhiteTeamCountry "GER"]
[BlackTeamCountry "GER"]

1. e4 e6 2. d4 d5 3. Nd2 Nf6 4. e5 Nfd7 5. c3 c5 6. Bd3 Nc6 7. Ndf3 Be7 8. Ne2 f5 9. Nf4 Nf8 10. h4 Ng6 11. Nh5 0-0 12. Bg5 cxd4 13. cxd4 h6 14. Bxe7 Qxe7 15. Qd2 Qb4 16. a3 Qxd2+ 17. Kxd2 Na5 18. Ke3 Nc4+ 19. Bxc4 dxc4 20. g3 Bd7 21. Rhc1 Rfc8 22. Ng1 Be8 23. Nf4 Nxf4 24. Kxf4 b5 25. Ke3 a5 26. Nh3 Bc6 27. Nf4 Bd5 28. f3 Rcb8 29. g4 fxg4 30. fxg4 b4 31. a4 Ra7 32. Rc2 Rf7 33. g5 Rbf8 34. Rf2 b3 35. Rg1 h5 36. Rc1 g6 37. Rcf1 Kg7 38. Kd2 Rf5 39. Kc3 R8f7 40. Kd2 Rf8 41. Ke3 Rb8 42. Ne2 Rb4 43. Nc3 Bc6 44. Rxf5 gxf5 45. Ra1 Kf7 46. Kd2 Bd5 47. Ne2 c3+ 48. Kxc3 Rc4+ 49. Kd3 Rc2 50. Nf4 Be4+ 51. Ke3 Rxb2 52. Rc1 Bc2 53. g6+ Kg7 54. Rg1 Be4 55. Nxh5+ Kg8 56. Nf6+ Kg7 57. Ne8+ Kg8 58. h5 Rg2 59. Rxg2 Bxg2 60. h6 b2 61. Nf6+ 1-0

[Event "Ruhrgebiet Regionalliga 0910"]
[Site "Germany"]
[Date "2010.05.02"]
[Round "9.3"]
[White "Sohlmann, Jan Henning"]
[Black "Pruess, Wilfried"]
[Result "0-1"]
[WhiteElo "2051"]
[BlackElo "2194"]
[PlyCount "72"]
[EventDate "2009.09.06"]
[EventType "team-tourn"]
[EventRounds "9"]
[EventCountry "GER"]
[SourceTitle "EXT 2011"]
[Source "ChessBase"]
[SourceDate "2010.11.26"]
[SourceVersion "1"]
[SourceVersionDate "2010.11.26"]
[SourceQuality "1"]
[WhiteTeam "Welper SV"]
[BlackTeam "Hamm Koenigsspringer"]
[WhiteTeamCountry "GER"]
[BlackTeamCountry "GER"]

1. e4 c5 2. Nf3 g6 3. d4 cxd4 4. Qxd4 Nf6 5. e5 Nc6 6. Qa4 Nd5 7. Qe4 e6 8. c4 Nc7 9. Bg5 Be7 10. h4 h6 11. Bxe7 Qxe7 12. Nc3 d5 13. Qf4 Bd7 14. Rd1 0-0-0 15. a3 g5 16. Qe3 f6 17. exf6 Qxf6 18. hxg5 hxg5 19. Rxh8 Rxh8 20. Qxg5 Qf7 21. Ne5 Nxe5 22. Qxe5 Re8 23. Rd4 Qg6 24. Kd2 Bc6 25. g3 Rd8 26. b4 Qh6+ 27. Kc2 Qh1 28. Bd3 Qg2 29. Rf4 Be8 30. b5 b6 31. Rf8 dxc4 32. Bxc4 Bg6+ 33. Kb3 Rxf8 34. Qg7 Bc2+ 35. Kb4 Qxf2 36. Ne4 Bxe4 0-1

[Event "Ruhrgebiet Regionalliga 0910"]
[Site "Germany"]
[Date "2010.03.14"]
[Round "8.3"]
[White "Pruess, Wilfried"]
[Black "Poetter, Clemens"]
[Result "1/2-1/2"]
[WhiteElo "2194"]
[BlackElo "2018"]
[PlyCount "229"]
[EventDate "2009.09.06"]
[EventType "team-tourn"]
[EventRounds "9"]
[EventCountry "GER"]
[SourceTitle "EXT 2011"]
[Source "ChessBase"]
[SourceDate "2010.11.26"]
[SourceVersion "1"]
[SourceVersionDate "2010.11.26"]
[SourceQuality "1"]
[WhiteTeam "Hamm Koenigsspringer"]
[BlackTeam "Borbeck Weisse Dame"]
[WhiteTeamCountry "GER"]
[BlackTeamCountry "GER"]

1. Nf3 Nf6 2. d4 d5 3. Bg5 e6 4. e3 Nbd7 5. Bd3 Be7 6. 0-0 0-0 7. Nbd2 c5 8. c3 Qb6 9. Qc2 Re8 10. Rfe1 Nf8 11. e4 Nxe4 12. Bxe7 Rxe7 13. Nxe4 dxe4 14. Rxe4 cxd4 15. Rxd4 e5 16. Rb4 Qc7 17. Be4 Rb8 18. Re1 f6 19. Bd5+ Be6 20. Qb3 Bxd5 21. Qxd5+ Kh8 22. Qe4 Rd8 23. h4 Red7 24. g3 b6 25. Rc4 Qb7 26. Qxb7 Rxb7 27. Rc6 Kg8 28. a4 Rd3 29. Kg2 a5 30. Rb1 Nd7 31. b4 axb4 32. Rxb4 Ra7 33. h5 Kf7 34. Nh4 g6 35. hxg6+ hxg6 36. Nf3 Rd1 37. g4 Ra1 38. g5 f5 39. Rd6 Kg7 40. Nh4 Nf8 41. Rdxb6 R1xa4 42. Nf3 Rxb4 43. cxb4 e4 44. Ne5 Re7 45. f4 exf3+ 46. Nxf3 Re4 47. b5 Ne6 48. Rb7+ Kf8 49. b6 Rb4 50. Ne5 Nxg5 51. Rc7 Rb2+ 52. Kf1 Ne6 53. Nxg6+ Kg8 54. Rc6 Nd8 55. Rc8 Rxb6 56. Rxd8+ Kg7 57. Nf4 Rb2 58. Rd6 Kf7 59. Ne2 Ke7 60. Rh6 Rb4 61. Kf2 Ra4 62. Ng3 f4 63. Ne2 Kd7 64. Kf3 Ke7 65. Nxf4 Kd7 66. Ke3 Ke7 67. Ne2 Kd7 68. Nd4 Kc7 69. Ke4 Ra5 70. Ne6+ Kd7 71. Nf4 Ra4+ 72. Ke5 Ra1 73. Rd6+ Kc7 74. Nd5+ Kb7 75. Rb6+ Ka7 76. Rb3 Ra6 77. Kd4 Ra5 78. Ne7 Ka6 79. Kc4 Ra1 80. Nd5 Rc1+ 81. Nc3 Rh1 82. Kc5 Rh8 83. Ra3+ Kb7 84. Nd5 Rc8+ 85. Kb5 Rc1 86. Rf3 Rb1+ 87. Kc5 Rc1+ 88. Nc3 Kc7 89. Rf7+ Kc8 90. Kd4 Rh1 91. Ke5 Rh5+ 92. Kd6 Rh6+ 93. Kc5 Kd8 94. Ne4 Ke8 95. Rb7 Rh5+ 96. Kd6 Rh6+ 97. Ke5 Kd8 98. Rf7 Ke8 99. Rf5 Ke7 100. Rg5 Rh7 101. Nf6 Rf7 102. Nd5+ Kd7 103. Rg6 Rf1 104. Rg7+ Kc6 105. Rc7+ Kb5 106. Rc3 Re1+ 107. Ne3 Rh1 108. Rc2 Rh5+ 109. Nf5 Rg5 110. Ke4 Rg4+ 111. Kd5 Rg5 112. Rb2+ Ka4 113. Ke4 Rg4+ 114. Kd3 Rb4 115. Ra2+ 1/2-1/2

[Event "Ruhrgebiet Regionalliga 0708"]
[Site "Germany"]
[Date "2008.05.04"]
[Round "9.2"]
[White "Hillenbrand, Michael"]
[Black "Pruess, Wilfried"]
[Result "1/2-1/2"]
[WhiteElo "2200"]
[BlackElo "2145"]
[PlyCount "36"]
[EventDate "2007.09.16"]
[EventType "team-tourn"]
[EventRounds "9"]
[EventCountry "GER"]
[SourceTitle "EXT 2009"]
[Source "ChessBase"]
[SourceDate "2008.11.26"]
[SourceVersion "1"]
[SourceVersionDate "2008.11.26"]
[SourceQuality "1"]
[WhiteTeam "Essen Borbeck"]
[BlackTeam "Hamm "]
[WhiteTeamCountry "GER"]
[BlackTeamCountry "GER"]

1. c4 Nf6 2. b3 g6 3. Bb2 Bg7 4. g3 0-0 5. Bg2 c6 6. e4 d5 7. cxd5 cxd5 8. e5 Ne4 9. f3 Nc5 10. d4 Ne6 11. Ne2 Nc6 12. 0-0 b5 13. f4 Qb6 14. Nbc3 Nc7 15. Nxd5 Nxd5 16. Bxd5 Rd8 17. Bf3 Bb7 18. Kg2 Nb4 1/2-1/2

[Event "Ruhrgebiet VL1 0405"]
[Site "Ruhrgebiet"]
[Date "2004.11.07"]
[Round "3.2"]
[White "Pruess, Wilfried"]
[Black "Kraemer, Matthias"]
[Result "0-1"]
[WhiteElo "2164"]
[BlackElo "2208"]
[PlyCount "98"]
[EventDate "2004.09.12"]
[EventType "team-tourn"]
[EventRounds "9"]
[EventCountry "GER"]
[SourceTitle "EXT 2006"]
[Source "ChessBase"]
[SourceDate "2005.11.24"]
[SourceVersion "1"]
[SourceVersionDate "2005.11.24"]
[SourceQuality "1"]
[WhiteTeam "Hamm 45/58"]
[BlackTeam "Bochum SV 02"]
[WhiteTeamCountry "GER"]
[BlackTeamCountry "GER"]

1. Nf3 Nc6 2. d4 d5 3. Bf4 Bg4 4. e3 e6 5. Be2 Nf6 6. h3 Bxf3 7. Bxf3 Bd6 8. Bxd6 Qxd6 9. c3 0-0 10. 0-0 e5 11. Nd2 Rfd8 12. Qb3 Rab8 13. Rfd1 Qe6 14. Rac1 b5 15. Qc2 e4 16. Be2 Ne7 17. b3 c6 18. c4 Rdc8 19. cxb5 cxb5 20. Qb2 Qb6 21. Rxc8+ Rxc8 22. Rc1 b4 23. Rc2 Kf8 24. Qc1 Rxc2 25. Qxc2 Ke8 26. f3 exf3 27. Bxf3 g6 28. Nf1 h5 29. Nd2 Nf5 30. Qc8+ Ke7 31. Nf1 Nd6 32. Qc2 Nb5 33. Nd2 Nc3 34. a4 Qe6 35. Qd3 g5 36. Nf1 g4 37. Be2 Nfe4 38. hxg4 hxg4 39. Qa6 Kf8 40. Bd3 Qxa6 41. Bxa6 g3 42. Bd3 Kg7 43. Ba6 Kf6 44. Bd3 Ke7 45. Ba6 Kd6 46. Bd3 Kc7 47. Ba6 Kb6 48. Bd3 Kb7 49. Kh1 Nf2+ 0-1